| 000 | 00392nam a22001697a 4500 | ||
|---|---|---|---|
| 999 |
_c6346 _d6344 |
||
| 005 | 20210825143912.0 | ||
| 008 | 200520b xxu||||| |||| 00| 0 eng d | ||
| 020 | _a978817473314 | ||
| 041 | _aeng | ||
| 082 | _a615 PAN | ||
| 100 |
_aPANDA,DR.U N _96636 |
||
| 245 | _aMCQ'S in Pharmacology | ||
| 260 |
_aDelhi _bAITBS PUBLISHERS |
||
| 300 | _a97p. | ||
| 650 |
_apharmacy _96637 |
||
| 942 | _cBK | ||